तंद्रालोक के प्रहरी (Record no. 1308477)

MARC details
000 -LEADER
fixed length control field 01267nam a22002657a 4500
005 - DATE AND TIME OF LATEST TRANSACTION
control field 20250404170650.0
008 - FIXED-LENGTH DATA ELEMENTS--GENERAL INFORMATION
fixed length control field 250404b |||||||| |||| 00| 0 eng d
020 ## - INTERNATIONAL STANDARD BOOK NUMBER
International Standard Book Number 978-93-263-5025-9 (hbk)
037 ## - SOURCE OF ACQUISITION
Terms of availability TB
040 ## - CATALOGING SOURCE
Original cataloging agency CRL
Transcribing agency CRL
041 ## - LANGUAGE CODE
Source of code hin
Language code of text/sound track or separate title hin
Language code of original ori
084 ## - COLON CLASSIFICATION NUMBER
Classification number O1591,3N34,TK 152Q2
Assigning agency CRL
100 ## - MAIN ENTRY--PERSONAL NAME
Personal name दास, मनोज
245 ## - TITLE STATEMENT
Title तंद्रालोक के प्रहरी
260 ## - PUBLICATION, DISTRIBUTION, ETC.
Place of publication, distribution, etc. नई दिल्ली, भारत:
Name of publisher, distributor, etc. भारतीय ज्ञानपीठ,
Date of publication, distribution, etc. 2012.
300 ## - PHYSICAL DESCRIPTION
Extent 158पृ0
365 ## - TRADE PRICE
Price amount 160.00
Currency code INR
490 ## - SERIES STATEMENT
Series statement लोकोदय ग्रंथमाला, (संपादक) रवींद्र कालिया
Volume/sequential designation ग्रंथाक - 1131
546 ## - LANGUAGE NOTE
Language note Translated from Oriya to Hindi
650 ## - SUBJECT ADDED ENTRY--TOPICAL TERM
Topical term or geographic name entry element उडिया उपन्यास
650 ## - SUBJECT ADDED ENTRY--TOPICAL TERM
Topical term or geographic name entry element उडिया साहित्य
700 ## - ADDED ENTRY--PERSONAL NAME
Personal name शिवेन, सुजाता (संपादक)
9 (RLIN) 157686
942 ## - ADDED ENTRY ELEMENTS (KOHA)
Source of classification or shelving scheme Colon Classification (CC)
Koha item type Textbook
Classification part O1591,3N34,TK 152Q2
Suppress in OPAC No
Holdings
Withdrawn status Lost status Source of classification or shelving scheme Damaged status Not for loan Home library Current library Date acquired Source of acquisition Cost, normal purchase price Inventory number Total Checkouts Full call number Barcode Date last seen Price effective from Koha item type
    Colon Classification (CC)     Central Library Central Library 2025-04-04 वाणी प्रकाशन 160.00 VP/GV/414 & 2025-03-05   O1591,3N34,TK 152Q2 CL1923418 2025-04-04 2025-04-04 Textbook
Copyright @ Delhi University Library System